| 000 | 00399 a2200145 4500 | ||
|---|---|---|---|
| 005 | 20250625070655.0 | ||
| 020 | _a0-07-296446-4 | ||
| 082 | _a651.7KIT. | ||
| 100 | _aLOCKER, O.K. | ||
| 245 | _aBusiness And Administrative Communication. | ||
| 250 | _a7th Ed. | ||
| 260 |
_aNew York, _bMcGraw-Hill Irwin, _c2006. |
||
| 300 |
_axxx,679p.:ill:,figure,picture _bGlossary & Index _c28cm. |
||
| 942 |
_2ddc _cBKS |
||
| 999 |
_c4931 _d4931 |
||